000 00672nam a22001817a 4500
005 20251108172901.0
008 250721s2004 xx 000 0 ara d
082 1 4 _a644.722/ حسي
100 1 _aحسين، كمال رشدي فؤاد
245 1 0 _aالطرق المعمليه الحديثه لتقييم الحبوب و منتجاتها /
246 1 1 _amodern labortory methods for evaluation cereal grain and cereal products
264 1 _aالقاهره :
_bدار الكتب العلميه للنشر و التوزيع،
_c2004.
300 _a168ص.
650 1 7 _aالصناعات الغذائية
650 1 7 _aالقمح
942 _2ddc
_cBK
999 _c90880
_d90880